| 000 | 00503nam a2200145 4500 | ||
|---|---|---|---|
| 001 | 1623 | ||
| 005 | 20181127163653.0 | ||
| 090 | 0 | 0 | _a373.05 T197y 2010 |
| 110 |
_aTashitse Higher Secondary School. _b _c _d _e _n _p |
||
| 245 | 0 | 0 |
_aYouth reflection : _bTashitse Higher Secondary School annual school magazine, 2010. _c _h |
| 260 | 0 | 0 |
_aTrashigang : _bTashitse Higher Secondary School, _c2010. |
| 300 | 0 | 0 | _a88 p. |
| 650 | 0 | 0 |
_aEducation, Secondary --Bhutan. _x |
| 650 | 0 | 0 |
_aHigh school students --Bhutan --Periodicals. _x |
| 999 |
_c1216 _d1216 |
||